1314 1941 1169 1285 1074 1811 1002 1202 1863 1576 1271 1688 1232 1567 1847 1796 1705 1860 1242 1555 1721 1496 1285 1025 1418 1774 1660 1089 1826 1304 1068 1833 1836 1647 1838 1395 1567 1282 1590 2000 1910 1698 1234 1462 1444 1733 1866 1285 1258 1779 1134 1655 1064 1552 1246 1662 1324 1726 1146 1619 1954 1102 1918 1519 1320 1272 1471 1154 1866 1190 1258 1268 1211 1142 1181 1949 1113 1954 1439 1207 1771 1212 1408 1778 1073 1385 1820 1916 1647 1390 1819 1964 1390 1964 1389 1587 1651 1402 1166 BCNSPRNW ULIB Ver.6.0+V

เปลี่ยนเป็นภาษาไทย

Change to English
 แสดงรายละเอียดบรรณานุกรม
  กลับหน้าหลัก

Brief Record : Get Marc (ISO 2709) : E-mail record : QR code < ปิดหน้าต่าง
LEADER : 00000nam 2200000uu 4500
001    13399124575
003     ULIB
008    121029s2552||||th 000 0 tha d
020    ^a9786117190247
090    ^aนว.^bน418ม
100 0  ^aนันทนา วีระชน
245 00 ^aเมียแต่ง/^cนันทนา วีระชน
250    ^aพิมพ์ครั้งที่ 1
260    ^aกรุงเทพฯ :^bอินเลิฟ,^c2552
300    ^a427 หน้า
710 1  ^aอินเลิฟ
945    ^p315^l0^i026026
995    ^aทศพร
999 ^a ใช้งานได้ทุกระบบ
รายการนี้ยังไม่มีแท็ก
คุณยังไม่ได้ล็อกอิน คุณสามารถมีกิจกรรมร่วมกับเว็บไซต์ได้ แต่ต้องล็อกอินก่อน ::
  ล็อกอิน

รายการสื่อสารสนเทศ

ลำดับที่ ประเภท เลขเรียก/บาร์โค้ด สถานที่ สถานะ
1. นวนิยาย
นวนิยาย
นว. น418ม ฉ.1 
  Barcode: 026026
ห้องสมุดวิทยาเขตสวรรค์ประชารักษ์
►นวนิยาย
บนชั้น
  ขอยืม

BibComment


ยังไม่เคยถูกคอมเมนท์

คอมเมนท์ทรัพยากรรายการนี้
  คอมเมนท์: เมียแต่ง นันทนา ..


 Copyright 2026. Bcnsprnw @Library